000 00359nam a2200145Ia 4500
008 231217s9999 xx 000 0 und d
041 _aEnglish
082 _a001.535 NIL;1
100 _aNilsson, Nils J
245 0 _aPrinciples of artificial intelligence
260 _c1992
_bNarosa
300 _a476
650 _aArtificial intellegence
942 _cAA
999 _c162594
_d162594